Study On The Procedures For Obtaining A Property Ownership Certificate Through A Formal Registration Process Located In Char Chhouk Commune, Angkor Chum District, Siem Reap Province, សិក្សាពីនីតិវិធីផ្ដល់វិញ្ញាបនបត្រសម្គាល់ម្ចាស់អចលនវត្ថុតាមរយៈការចុះបញ្ចីដីធ្លីមានលក្ខណៈដាច់ដោយដុំ ស្ថិតនៅឃុំចារឈូក ស្រុកអង្គរជុំ ខេត្តសៀមរាប (Record no. 25331)

000 -LEADER
fixed length control field 00871nam a22001217a 4500
040 ## - CATALOGING SOURCE
Transcribing agency RUA
082 ## - DEWEY DECIMAL CLASSIFICATION NUMBER
Classification number LMA ROU 2024 B701 Or.1
100 ## - MAIN ENTRY--AUTHOR NAME
Personal name ROUS NARA, រស់ ណារ៉ា
245 ## - TITLE STATEMENT
Title Study On The Procedures For Obtaining A Property Ownership Certificate Through A Formal Registration Process Located In Char Chhouk Commune, Angkor Chum District, Siem Reap Province, សិក្សាពីនីតិវិធីផ្ដល់វិញ្ញាបនបត្រសម្គាល់ម្ចាស់អចលនវត្ថុតាមរយៈការចុះបញ្ចីដីធ្លីមានលក្ខណៈដាច់ដោយដុំ ស្ថិតនៅឃុំចារឈូក ស្រុកអង្គរជុំ ខេត្តសៀមរាប
260 ## - PUBLICATION, DISTRIBUTION, ETC. (IMPRINT)
Place of publication PHNOM PENH
Name of publisher RUA
Year of publication 024
300 ## - PHYSICAL DESCRIPTION
Number of Pages xi,
Other physical details ill,
Dimensions 29cm,
942 ## - ADDED ENTRY ELEMENTS (KOHA)
Koha item type LMA
952 ## - LOCATION AND ITEM INFORMATION (KOHA)
Withdrawn status [LOCAL, KOHA] 0
952 ## - LOCATION AND ITEM INFORMATION (KOHA)
Withdrawn status [LOCAL, KOHA] 0
Holdings
Permanent Location Date acquired Koha item type Lost status Shelving location Barcode Current Location Full call number
Library Block B2025-06-23LMA B701A083875Library Block BLMA ROU 2024 B701 Or.1
Library Block B2025-06-23LMA B701A084524Library Block BLMA ROU 2024 B701 Or.2
មជ្ឈមណ្ឌលឯការនៃសាកលវិទ្យាល័យភូមិន្ទកសិកម្មចំការដូង

Powered by Koha